|
|
|
|
| LEADER |
01462nam a22003494a 4500 |
| 001 |
41296 |
| 003 |
BD-DhAAL |
| 005 |
20230601170508.0 |
| 008 |
230106t2002 njua b 001 0 eng |
| 010 |
|
|
|a 2002066842
|
| 020 |
|
|
|a 076580137X (alk. paper)
|
| 020 |
|
|
|a 0765809400 (pbk. : alk. paper)
|
| 040 |
|
|
|a DLC
|c DLC
|d DLC
|d BD-DhAAL
|
| 042 |
|
|
|a pcc
|
| 050 |
0 |
0 |
|a SD411
|b .M358 2002
|
| 082 |
0 |
0 |
|a 333.7516
|2 21
|
| 245 |
0 |
0 |
|a Managing a global resource :
|b challenges of forest conservation and development /
|c Uma Lele, editor.
|
| 260 |
|
|
|a New Brunswick, N.J. :
|b Transaction Publishers,
|c c2002.
|
| 300 |
|
|
|a xxv, 312 pages :
|b illustrations ;
|c 23 cm.
|
| 490 |
|
|
|a World Bank series on evaluation and development ;
|v v. 5
|
| 504 |
|
|
|a Includes bibliographical references.
|
| 541 |
|
|
|a Donated by Akbar Ali Khan
|e 41296
|
| 650 |
|
0 |
|a Forest conservation.
|9 47047
|
| 650 |
|
0 |
|a Forest policy.
|
| 650 |
|
0 |
|a Natural resources
|x Management.
|
| 650 |
|
0 |
|a Forests and forestry.
|
| 700 |
1 |
|
|a Lele, Uma J.
|9 10788
|
| 830 |
|
|
|a World Bank series on evaluation and development ;
|v v. 5
|9 54435
|
| 852 |
|
|
|a Ayesha Abed Library
|c Akbar Ali Khan Collection
|
| 942 |
|
|
|2 ddc
|c BK
|
| 999 |
|
|
|c 45835
|d 45835
|
| 952 |
|
|
|0 0
|1 0
|2 ddc
|4 0
|6 333_751600000000000_MAN
|7 1
|9 73720
|a BRACUL
|b BRACUL
|c AAKC
|d 2023-06-01
|e Donated by Akbar Ali Khan
|g 1907.87
|l 0
|o 333.7516 MAN
|p 3010041296
|r 2023-06-01
|t 1
|v 1907.87
|w 2023-06-01
|y BK
|x price are not available in book (collected from amazon.com )
|